<?xml version="1.0" encoding="UTF-8"?><?xml-stylesheet type="text/xsl" href="static/style.xsl"?><OAI-PMH xmlns="http://www.openarchives.org/OAI/2.0/" xmlns:xsi="http://www.w3.org/2001/XMLSchema-instance" xsi:schemaLocation="http://www.openarchives.org/OAI/2.0/ http://www.openarchives.org/OAI/2.0/OAI-PMH.xsd"><responseDate>2026-04-17T21:22:07Z</responseDate><request verb="GetRecord" identifier="oai:www.recercat.cat:10230/53135" metadataPrefix="marc">https://recercat.cat/oai/request</request><GetRecord><record><header><identifier>oai:recercat.cat:10230/53135</identifier><datestamp>2025-12-17T20:24:46Z</datestamp><setSpec>com_2072_6</setSpec><setSpec>col_2072_452954</setSpec></header><metadata><record xmlns="http://www.loc.gov/MARC21/slim" xmlns:dcterms="http://purl.org/dc/terms/" xmlns:xsi="http://www.w3.org/2001/XMLSchema-instance" xmlns:doc="http://www.lyncode.com/xoai" xsi:schemaLocation="http://www.loc.gov/MARC21/slim http://www.loc.gov/standards/marcxml/schema/MARC21slim.xsd">
   <leader>00925njm 22002777a 4500</leader>
   <datafield ind2=" " ind1=" " tag="042">
      <subfield code="a">dc</subfield>
   </datafield>
   <datafield ind2=" " ind1=" " tag="720">
      <subfield code="a">Prado López-Quesada, Hugo</subfield>
      <subfield code="e">author</subfield>
   </datafield>
   <datafield ind2=" " ind1=" " tag="260">
      <subfield code="c">2022-05-18T09:18:21Z</subfield>
   </datafield>
   <datafield ind2=" " ind1=" " tag="260">
      <subfield code="c">2022-05-18T09:18:21Z</subfield>
   </datafield>
   <datafield ind2=" " ind1=" " tag="260">
      <subfield code="c">2021</subfield>
   </datafield>
   <datafield ind2=" " ind1=" " tag="520">
      <subfield code="a">Màster universitari en Negocis Internacionals. (UPF Barcelona School of Management). Curs 2020-2021</subfield>
   </datafield>
   <datafield ind2=" " ind1=" " tag="520">
      <subfield code="a">Mentora: Isabel Pardos</subfield>
   </datafield>
   <datafield ind2=" " ind1=" " tag="520">
      <subfield code="a">En este documento se presenta el proceso de internacionalización de la división de refrigeración de la empresa Liebherr-Hausgeräte Ochsenhausen GmbH hacia España y Portugal (Mercado IBERIA). Actualmente la importación se realiza a través de un importador externo: Frigicol. A lo largo del estudio propongo la extinción de la relación, y realizar la exportación directa a través de la creación de Liebherr Ibérica de Refrigeración. El esquema utilizado para el proyecto consiste en: Análisis PESTEL, y DAFO, análisis del mercado potencial, y de la competencia, creación de un plan de marketing, estructura del proceso productivo, y el proceso logístico, y finalmente los recursos del proyecto y el plan financiero.</subfield>
   </datafield>
   <datafield tag="653" ind2=" " ind1=" ">
      <subfield code="a">Treball de fi de màster – Curs 2020-2021</subfield>
   </datafield>
   <datafield ind2="0" ind1="0" tag="245">
      <subfield code="a">Plan de internacionalización de Liebherr AG Refrigeración en España y Portugal</subfield>
   </datafield>
</record></metadata></record></GetRecord></OAI-PMH>